| 000 | 01033nam a2200325Ia 4500 | ||
|---|---|---|---|
| 003 | OSt | ||
| 005 | 20221007124913.0 | ||
| 006 | a|||||r|||| 00| 0 | ||
| 007 | ta | ||
| 008 | 221006b |||||||| |||| 00| 0 eng d | ||
| 020 | _a9781605352909 (hbk) | ||
| 024 | _a199163 | ||
| 037 |
_b3602, 12/03/2018, The Book Seller _cTextual |
||
| 040 |
_aCDL _cCDL _beng |
||
| 041 |
_2eng _aeng |
||
| 082 | _aG11, Q6;1 Carc | ||
| 100 |
_aCooper Geoffery M _9463281 |
||
| 245 | 0 |
_aCell: A molecular approach _b Hausman Robert E |
|
| 250 | _a7 | ||
| 260 |
_aSunderland _bSinauer Associates _c2016 |
||
| 300 |
_axxv, 832p. ill. _ccm. |
||
| 500 | _aGlossary 783-802p.; Index 805-832p. | ||
| 650 | _a Cell biology | ||
| 650 |
_a Cell physiological phenomena _9711943 |
||
| 650 |
_a Molecular biology _9414923 |
||
| 650 | _aChemistry | ||
| 700 | _a Hausman Robert E | ||
| 942 |
_hG11, Q6;1 Carc _cTEXL _2CC |
||
| 999 |
_c1214349 _d1214349 |
||